000 00615nam a2200241Ia 4500
008 160517s9999 xx 000 0 und d
020 _a0-7897-3232-7
050 _aComSc TK 5105.5
050 _b.D47 2005
100 _aDerfler, Frank, Jr.
245 _aHow networks work /
245 _cFrank Derfler, Jr., Les Freed.
250 _a7th Edition
260 _aIndia :
260 _bQue.,
260 _c2004
300 _a246 pages :
300 _bcol. ill. ;
300 _c25 cm.
500 _aIncludes index.
650 _aComputer networks.
650 _xLocal area networks (Computer networks).
999 _c294189
_d294189